Per Jacobsson Lecture : Society, Economic Policies, and the Financial Sector.

The future of finance, and in particular saving it from a popular backlash against the global financial crisis and related crisis management policies, has become a matter of great concern. In this brochure, which presents in written form a lecture from the Per Jacobsson Foundation's lecture ser...

Descripción completa

Detalles Bibliográficos
Autor Corporativo: International Monetary Fund. External Relations Dept
Formato: Revista
Lenguaje:English
Publicado: Washington, D.C. : International Monetary Fund, 2013.
Colección:per Jacobson lecture
Acceso en línea:Full text available on IMF
LEADER 01873cas a2200241 a 4500
001 AALejournalIMF013233
008 230101c9999 xx r poo 0 0eng d
020 |c 5.00 USD 
020 |z 9781616355258 
022 |a 0252-3108 
040 |a BD-DhAAL  |c BD-DhAAL 
110 2 |a International Monetary Fund.  |b External Relations Dept. 
245 1 0 |a Per Jacobsson Lecture :   |b Society, Economic Policies, and the Financial Sector. 
264 1 |a Washington, D.C. :  |b International Monetary Fund,  |c 2013. 
300 |a 1 online resource (40 pages) 
490 1 |a per Jacobson lecture 
500 |a <strong>Off-Campus Access:</strong> No User ID or Password Required 
500 |a <strong>On-Campus Access:</strong> No User ID or Password Required 
506 |a Electronic access restricted to authorized BRAC University faculty, staff and students 
520 3 |a The future of finance, and in particular saving it from a popular backlash against the global financial crisis and related crisis management policies, has become a matter of great concern. In this brochure, which presents in written form a lecture from the Per Jacobsson Foundation's lecture series, former Reserve Bank of India Governor Y. V. Reddy explores three interrelated issues of particular concern to central bankers in the search for good finance for the future: how to ensure that the financial sector serves the society better, how to integrate financial sector policies better with national economic policies, and how to ensure that the financial industry functions as a means and not as an end in itself. The question-and-answer session following the lecture is also included in the brochure. 
538 |a Mode of access: Internet 
830 0 |a per Jacobson lecture 
856 4 0 |z Full text available on IMF  |u http://elibrary.imf.org/view/books/028/20142-9781616355258-en/20142-9781616355258-en-book.xml  |z IMF e-Library